000 00511nam a2200217Ia 4500
001 1529
003 GE_BSU
008 181216s||||||||xx |||||||||||||| ||und||
040 _cGE_BSU
080 _a316.7
100 _aГидденс, Энтони
245 _aСоциология
245 _cНауч. ред. В.А. Ядов
260 _aМосква
260 _bЭдиториал
260 _c1999
300 _a703стр.
541 _h20л.
653 _aСоциология
942 _cBK
999 _c35656
_d35656